Microprocessors And Interfacing Programming And Hardware (Record no. 354579)

MARC details
000 -LEADER
fixed length control field 00425nam a2200169Ia 4500
008 - FIXED-LENGTH DATA ELEMENTS--GENERAL INFORMATION
fixed length control field 230719s9999 xx 000 0 und d
041 ## - LANGUAGE CODE
Language code of text/sound track or separate title eng
082 ## - DEWEY DECIMAL CLASSIFICATION NUMBER
Classification number 004.16
Item number HAL
100 ## - MAIN ENTRY--PERSONAL NAME
Personal name Hall D.V.
245 ## - TITLE STATEMENT
Title Microprocessors And Interfacing Programming And Hardware
250 ## - EDITION STATEMENT
Edition statement 2nd ed.
260 ## - PUBLICATION, DISTRIBUTION, ETC. (IMPRINT)
Date of publication, distribution, etc. 1986
Name of publisher, distributor, etc. Mcgraw Hill
300 ## - PHYSICAL DESCRIPTION
Extent 554
Accompanying material [OBSOLETE, CAN/MARC] Ref 83 E (2571)
365 ## - TRADE PRICE
Currency code Rs.
Price amount 100.00
700 ## - ADDED ENTRY--PERSONAL NAME
Personal name Hall D.V.
906 ## - LOCAL DATA ELEMENT F, LDF (RLIN)
b 50
Holdings
Withdrawn status Lost status Damaged status Not for loan Home library Current library Shelving location Date acquired Vendor Cost, normal purchase price Total Checkouts Full call number Barcode Date last seen Date last checked out Discount Cost, replacement price Bill Date Koha item type Original Barcode
        Cummins College of Engineering for Women Pune Cummins College of Engineering for Women Pune Donated Book 25/01/2021 Masurkar Enterprises 100.00 5 004.16 CCEP-DB-784 04/12/2025 08/11/2025 50 50.00 19/07/2023 Books D00784